Ville d'après sa description Wikipédia #2 - Statistiques

Statistiques générales
  • Ce quiz a été pris 72 fois
  • Le résultat moyen est 9 sur 10
Statistiques - réponses
Hint Réponse % Correct
"[...] est la capitale de l'Égypte. Avec une population d'environ dix millions d'habitants, et de plus de 21 millions pour l'agglomération, elle est aussi la plus grande ville du pays et l'une des plus peuplées du continent africain. Selon une estimation de 2015, elle serait également la sixième agglomération du monde. " Le Caire
100%
"La ville est située à peu près au milieu de la côte est de l'Irlande, le long d'une baie, à l'embouchure de la Liffey et au centre de la région du Grand [...]. Le centre-ville se situe à environ 4 km de la côte. " Dublin
99%
"[...] est la capitale la plus occidentale d'Europe continentale. Elle est située entre l'océan Atlantique à l'ouest et la mer de Paille à l'est (communiquant entre eux par un détroit) dans laquelle se jette le Tage. La ville occupe un territoire de 84,7 km². " Lisbonne
94%
"[...] est la capitale et le centre économique de Cuba. Cette ville portuaire est aussi l'une des quinze provinces cubaines. La ville/province compte 2,4 millions d'habitants, tandis que l'agglomération en compte plus de 3,7 millions, ce qui fait de [...] la plus grande ville des Caraïbes. " La Havane
93%
"La ville du [...], fondée en 1652, est considérée comme la cité-mère d'Afrique du Sud. Ville la plus australe du continent africain, elle est établie sur les rives de la baie de la Table et est surmontée par la montagne de la Table coiffée de deux pics nommés Lion's Head et Devil's Peak. " Le Cap
93%
"[...] est la troisième ville des États-Unis par sa population et est située dans le Nord-Est de l'État de l'Illinois. C'est la plus grande ville de la région du Midwest dont elle forme le principal centre économique et culturel. [...] se trouve sur la rive sud-ouest du lac Michigan, un des cinq Grands Lacs d'Amérique du Nord. " Chicago
88%
"Conglomérat de petits villages artisanaux, [...] est officiellement fondée par le roi Ly Thai To en 1010, et demeure jusqu'en 1802 le cœur politique du Viêt Nam. La ville est éclipsée par Huế, la capitale impériale du pays durant la dynastie Nguyễn (1802–1945), mais devient la capitale de l'Indochine française de 1902 à 1954. " Hanoï
88%
"[...] est la capitale de l'État du Victoria, en Australie. Deuxième agglomération urbaine du pays après Sydney, le « Grand [...] » (Greater [...]) compte 4 968 000 habitants au recensement officiel de 2020. La ville est située sur la baie de Port Phillip, laquelle ouvre sur le détroit de Bass. " Melbourne
78%
"La ville s'élève à 1 400 mètres d'altitude au confluent de deux rivières : la Bagmati et la Bishnumati. Elle est entourée d'une couronne de montagnes de taille moyenne (de 3 000 mètres au maximum) dans les contreforts de l'Himalaya ; ce qui explique qu'on parle de la vallée de [...] " Katmandou
75%
"[...], principale ville portuaire de Nouvelle-Calédonie, est le chef-lieu de cette collectivité d'outre-mer française au statut spécifique et de la Province Sud, située sur une presqu'île de la côte sud-ouest à l’est de la Grande Terre. " Nouméa
75%
Aucun quiz correspondant
Distribution des résultats
% des personnes avec chaque résultat
Percentile par nombre de réponses
Votre historique - résultats
Vous n’avez pas pris ce quiz